Pays ayant plus de 20 aéroports internationaux - Statistiques

Statistiques générales
  • Ce quiz a été pris 378 fois
  • Le résultat moyen est 21 sur 25
Statistiques - réponses
Classement Réponse Nombre % Correct
2 Chine ~70
100%
1 Etats-Unis ~85
100%
11 France 28
100%
3 Russie ~55
98%
10 Allemagne 30
96%
6 Canada 39
96%
14 Espagne 26
96%
4 Brésil 52
95%
12 Japon 27
94%
13 Royaume-Uni 27
94%
8 Australie 34
93%
9 Mexique 32
93%
5 Inde 43
92%
21 Argentine 21
90%
15 Italie 25
89%
18 Afrique du Sud 23
84%
7 Indonésie 35
82%
17 Turquie 24
75%
16 Arabie Saoudite 25
72%
19 Thaïlande 22
72%
20 Pakistan 22
63%
22 Iran 21
61%
25 Malaisie 20
58%
24 Philippines 20
51%
23 Nigéria 21
41%
Aucun quiz correspondant
Distribution des résultats
% des personnes avec chaque résultat
Percentile par nombre de réponses
Votre historique - résultats
Vous n’avez pas pris ce quiz